书目信息 |
| 题名: |
高分子材料改性
|
|
| 作者: | 杨明山 , 郭正虹 编著 | |
| 分册: | ||
| 出版信息: | 北京 化学工业出版社 2013.09 |
|
| 页数: | 339页 | |
| 开本: | 26cm | |
| 丛书名: | ||
| 单 册: | ||
| 中图分类: | TQ316.6 | |
| 科图分类: | ||
| 主题词: | 高分子材料--改性--高等学校--教材 , 高分子材料 , 改性 | |
| 电子资源: | ||
| ISBN: | 978-7-122-17031-6 | |
| 000 | 01056nam0 2200289 450 | |
| 001 | 006165207 | |
| 005 | 20140610085843.15 | |
| 010 | @a978-7-122-17031-6@dCNY45.00 | |
| 100 | @a20130814d2013 em y0chiy0110 ea | |
| 101 | 0 | @achi |
| 102 | @aCN@b110000 | |
| 105 | @aak z 000yy | |
| 106 | @ar | |
| 200 | 1 | @a高分子材料改性@9gao fen zi cai liao gai xing@f杨明山,郭正虹编著 |
| 210 | @a北京@c化学工业出版社@d2013.09 | |
| 215 | @a339页@c图@d26cm | |
| 300 | @a工程应用型高分子材料与工程专业系列教材 高等学校“十二五”规划教材 | |
| 330 | @a本书全面论述了高分子材料的改性原理、工艺和应用,采用循序渐进的手法让读者理解高分子材料改性的原理和工艺,利用大量的实际应用例子来加深读者对高分子材料改性的理解,并投入应用。 | |
| 333 | @a高分子材料改性生产厂的工程技术人员及管理人员 | |
| 606 | 0 | @a高分子材料@x改性@x高等学校@j教材 |
| 606 | 0 | @a高分子材料 |
| 606 | 0 | @a改性 |
| 690 | @aTQ316.6@v5 | |
| 701 | 0 | @a杨明山@9yang ming shan@4编著 |
| 701 | 0 | @a郭正虹@9guo zheng hong@4编著 |
| 801 | 0 | @aCN@b人天书店@c20130814 |
| 905 | @b846803-05@dTQ316.6@e31@f3 | |
| 高分子材料改性/杨明山,郭正虹编著.-北京:化学工业出版社,2013.09 |
| 339页:图;26cm |
| 工程应用型高分子材料与工程专业系列教材 高等学校“十二五”规划教材.-使用对象:高分子材料改性生产厂的工程技术人员及管理人员 |
| ISBN 978-7-122-17031-6:CNY45.00 |
| 本书全面论述了高分子材料的改性原理、工艺和应用,采用循序渐进的手法让读者理解高分子材料改性的原理和工艺,利用大量的实际应用例子来加深读者对高分子材料改性的理解,并投入应用。 |
| ● |
| 相关链接 |
|
|
|
|
正题名:高分子材料改性
索取号:TQ316.6/31
 
预约/预借
| 序号 | 登录号 | 条形码 | 馆藏地/架位号 | 状态 | 备注 |
| 1 | 846803 | 208468031 | 第二样本阅览室/ [索取号:TQ316.6/31] | 在馆 | |
| 2 | 846804 | 208468040 | 密集书库-化学系/ [索取号:TQ316.6/31] | 在馆 | |
| 3 | 846805 | 208468059 | 第三借阅区/ [索取号:TQ316.6/31] | 在馆 |